Odstraňovanie vybraných liečiv, drog a ich metabolitov z vôd

Enregistré dans:
Détails bibliographiques
Auteur principal: Ivánková, Jana (Auteur)
Autres auteurs: Mackuľak, Tomáš (Directeur de thèse)
Format: Manuscrit Livre
Langue:slovaque
Publié: 2023
Sujets:
Accès en ligne:http://is.stuba.sk/zp/portal_zp.pl?podrobnosti=162427
Tags: Ajouter un tag
Pas de tags, Soyez le premier à ajouter un tag!

MARC

LEADER 00000ntm a22000003a 4500
001 stuzp94623
003 SK-STU
005 20230909222705.3
007 ta
008 150427s2015----xo-----f-mn---000-0-slo-d
040 |a STU  |b slo 
041 0 |a slo 
100 1 |a Ivánková, Jana  |u 046290  |4 aut  |U FCHPT Ústav chemického a environmentálneho inžinierstva  |T FCHPT Oddelenie environmentálneho inžinierstva  |X 110586  |U C6290  |Y 120  |7 110586 
242 0 1 |a Removal of selected pharmaceuticals, drugs and their metabolites from water  |y eng 
245 1 0 |a Odstraňovanie vybraných liečiv, drog a ich metabolitov z vôd 
260 |c 2023 
650 4 |a odpadová voda  |2 slo 
650 4 |a čistenie odpadových vôd  |2 slo 
650 4 |a povrchová voda  |2 slo 
650 4 |a železany  |2 slo 
650 4 |a mikropolutanty  |2 slo 
650 4 |a wastwater  |2 eng 
650 4 |a wastewater treatment  |2 eng 
650 4 |a surface water  |2 eng 
650 4 |a ferrates  |2 eng 
650 4 |a micropollutants  |2 eng 
700 1 |a Mackuľak, Tomáš  |u 046290  |k Z1  |4 ths  |U FCHPT Ústav chemického a environmentálneho inžinierstva  |T FCHPT Oddelenie environmentálneho inžinierstva  |X 25433  |U C6290  |Y 120  |7 A000025433 
856 4 |u http://is.stuba.sk/zp/portal_zp.pl?podrobnosti=162427